Online Catalogue and eLibrary

Community health in Asia : (Record no. 3010)

MARC details
000 -LEADER
fixed length control field 00475nam a2200181Ia 4500
005 - DATE AND TIME OF LATEST TRANSACTION
control field 20240821041827.0
008 - FIXED-LENGTH DATA ELEMENTS--GENERAL INFORMATION
fixed length control field 240331s9999 xx 000 0 und d
082 ## - DDC Classification
Item Number - Author Mark COM
Class No. 613
100 ## - MAIN ENTRY--PERSONAL NAME
Personal name
245 #0 - TITLE STATEMENT
Title Community health in Asia :
Remainder of title a report on wo workshops
260 ## - PUBLICATION, DISTRIBUTION, ETC.
Place of publication, distribution, etc. Singapore
Name of publisher, distributor, etc. Christian Conference of Asia
Date of publication, distribution, etc. 1977
300 ## - PHYSICAL DESCRIPTION
Extent (e.g. Volumes, Pages etc.) 149 p .,
650 ## - SUBJECT ADDED ENTRY--TOPICAL TERM
Topical term or geographic name entry element Health
650 ## - SUBJECT ADDED ENTRY--TOPICAL TERM
Topical term or geographic name entry element Development
650 ## - SUBJECT ADDED ENTRY--TOPICAL TERM
Topical term or geographic name entry element Socio-Political
700 ## - ADDED ENTRY--PERSONAL NAME
Personal name Rifkin, Susan B,
Relator term (Role) Editor
942 ## - Koha item type (Biblio)
Koha item type Books in Stacks (Lending)
Holdings
Lost status Damaged status Collection code Home library Current library Shelving location Date acquired Full call number Accession Number Item type
    Lending WERC Library WERC Library Social Science Cupboard 03/31/2024 613 COM 1313 Books in Stacks (Lending)

© WERC Library